| 000 | 00494nam a22001937a 4500 | ||
|---|---|---|---|
| 003 | OSt | ||
| 005 | 20160816135411.0 | ||
| 008 | 160816b xxu||||| |||| 00| 0 eng d | ||
| 020 | _a9780070164901 | ||
| 040 | _cDDC. | ||
| 082 | _a005.115MAR 2010. | ||
| 100 |
_aMarcovitz,B.Allan; _910692 |
||
| 245 | _aIntroduction to Logic design. | ||
| 250 | _a3rd ed | ||
| 260 |
_aBoston. _bMcGraw-Hill; _c2010. |
||
| 300 |
_axii,637p; _bill; _c24cm. |
||
| 650 |
_aLogic Design. _9561 |
||
| 942 |
_2ddc _cO_SHELF |
||
| 999 |
_c4996 _d4996 |
||